[Event "POL-chT U19 3rd League Wielkopolska"]
[Site "Wielkopolska"]
[Date "2014.12.30"]
[Round "6.7"]
[White "Kwiatkowski, Wiktor"]
[Black "Nawrocki, Marek"]
[Result "1-0"]
[WhiteElo "1927"]
[BlackElo "1534"]
[PlyCount "51"]
[EventDate "2014.01.18"]
[EventType "team-tourn"]
[EventRounds "9"]
[EventCountry "POL"]
[SourceTitle "EXT 2020"]
[Source "ChessBase"]
[SourceDate "2019.10.17"]
[SourceVersion "1"]
[SourceVersionDate "2019.10.17"]
[SourceQuality "1"]
[WhiteTeam "Koscielec UKS Kielbaska U19"]
[BlackTeam "Gniezno LKS Chrobry U19 II"]
[WhiteTeamCountry "POL"]
[BlackTeamCountry "POL"]

1. e4 e6 2. Qe2 c5 3. g3 Nc6 4. c3 Nf6 5. Bg2 d5 6. d3 b6 7. f4 Ba6 8. e5 Nd7 9. Nf3 Be7 10. 0-0 Nf8 11. Na3 h6 12. Nc2 Nh7 13. f5 Qc7 14. fxe6 fxe6 15. Bh3 Nf8 16. Ne3 0-0-0 17. c4 d4 18. Nd5 Rxd5 19. cxd5 Nb4 20. d6 Qc6 21. dxe7 Bxd3 22. Nxd4 Ng6 23. Nxc6 Bxe2 24. Bxe6+ Kc7 25. Nxb4 Bxf1 26. Nd5+ 1-0

[Event "POL-chT U19 3rd League Wielkopolska"]
[Site "Wielkopolska"]
[Date "2014.12.30"]
[Round "2.7"]
[White "Nawrocki, Marek"]
[Black "Tomaszewski, Kacper"]
[Result "0-1"]
[WhiteElo "1534"]
[BlackElo "1994"]
[PlyCount "69"]
[EventDate "2014.01.18"]
[EventType "team-tourn"]
[EventRounds "9"]
[EventCountry "POL"]
[SourceTitle "EXT 2020"]
[Source "ChessBase"]
[SourceDate "2019.10.17"]
[SourceVersion "1"]
[SourceVersionDate "2019.10.17"]
[SourceQuality "1"]
[WhiteTeam "Gniezno LKS Chrobry U19 II"]
[BlackTeam "Jarocin JKSW U19"]
[WhiteTeamCountry "POL"]
[BlackTeamCountry "POL"]

1. e4 c5 2. Nc3 Nc6 3. Bb5 e6 4. Bxc6 bxc6 5. f4 d5 6. d3 Ba6 7. Nf3 c4 8. Be3 Nf6 9. h3 Bb4 10. e5 Nd7 11. 0-0 cxd3 12. cxd3 Bc5 13. Qd2 Rb8 14. Na4 Bxe3+ 15. Qxe3 Qa5 16. b3 Bb5 17. Nc5 Qb6 18. b4 Nxc5 19. bxc5 Qa6 20. Rfb1 0-0 21. Ne1 Ba4 22. Qc1 h6 23. Rxb8 Rxb8 24. Rb1 Rb5 25. Rb2 Qa5 26. Rxb5 Bxb5 27. a3 Qa4 28. Kf2 Qd4+ 29. Ke2 g5 30. g3 Kf8 31. Qe3 Qb2+ 32. Kf3 d4 33. Qe4 Ba4 34. fxg5 Bd1+ 35. Kf4 0-1

[Event "Gniezno GOSiR op-A"]
[Site "Gniezno"]
[Date "2012.08.15"]
[Round "9"]
[White "Bardeli, Lukasz"]
[Black "Nawrocki, Marek"]
[Result "1/2-1/2"]
[WhiteElo "2299"]
[BlackElo "1486"]
[PlyCount "90"]
[EventDate "2012.08.11"]
[EventType "swiss"]
[EventRounds "9"]
[EventCountry "POL"]
[SourceTitle "EXT 2023"]
[Source "ChessBase"]
[SourceDate "2022.10.05"]
[SourceVersion "1"]
[SourceVersionDate "2022.10.05"]
[SourceQuality "1"]

1. Nf3 d5 2. c4 d4 3. e4 g6 4. d3 Bg7 5. Be2 c5 6. Nbd2 Nc6 7. a3 a5 8. 0-0 e6 9. Ne1 Nge7 10. f4 f5 11. Bf3 0-0 12. Qe2 Bd7 13. g3 b6 14. exf5 exf5 15. Qg2 Qc7 16. Bd5+ Kh8 17. Nef3 Rae8 18. Ng5 Nd8 19. Ndf3 h6 20. Ne5 Bxe5 21. fxe5 Nxd5 22. cxd5 Qxe5 23. Qh3 Qg7 24. Bf4 Kg8 25. Ne6 Nxe6 26. dxe6 Rxe6 27. Bxh6 Qh7 28. Rae1 Rfe8 29. Rxe6 Bxe6 30. Re1 Bd7 31. Rxe8+ Bxe8 32. Qh4 Qf7 33. Qd8 Qe6 34. Kf2 Kh7 35. Bf4 Bb5 36. Qc7+ Kg8 37. Be5 Bd7 38. h4 Kf7 39. Bf4 Ke8 40. Bg5 Bb5 41. Qd8+ Kf7 42. Qc7+ Ke8 43. Qd8+ Kf7 44. Qc7+ Ke8 45. Qd8+ Kf7 1/2-1/2

[Event "Gniezno GOSiR op-A"]
[Site "Gniezno"]
[Date "2012.08.14"]
[Round "6"]
[White "Lacina, Jerzy"]
[Black "Nawrocki, Marek"]
[Result "0-1"]
[WhiteElo "1588"]
[BlackElo "1486"]
[PlyCount "80"]
[EventDate "2012.08.11"]
[EventType "swiss"]
[EventRounds "9"]
[EventCountry "POL"]
[SourceTitle "EXT 2023"]
[Source "ChessBase"]
[SourceDate "2022.10.05"]
[SourceVersion "1"]
[SourceVersionDate "2022.10.05"]
[SourceQuality "1"]

1. e4 e6 2. d4 d5 3. Nc3 Nf6 4. Bg5 Be7 5. e5 Nfd7 6. Bxe7 Qxe7 7. Nf3 a6 8. Be2 c5 9. 0-0 0-0 10. Re1 Nc6 11. Bf1 Qd8 12. Ne2 Qb6 13. Rb1 f6 14. dxc5 Qxc5 15. Ned4 Ndxe5 16. b4 Qd6 17. h3 Nxf3+ 18. gxf3 e5 19. Nxc6 Qxc6 20. Qd3 Be6 21. Bg2 Rac8 22. Rbc1 Qc4 23. Qxc4 Rxc4 24. a3 Rfc8 25. Re2 Bf5 26. f4 e4 27. Rd2 Be6 28. f5 Bf7 29. f3 e3 30. Re1 exd2 31. Rd1 Rxc2 32. Kf2 Re8 33. Bf1 g6 34. Bd3 Rb2 35. h4 d4 36. h5 Bb3 37. fxg6 Bxd1 38. h6 hxg6 39. Bxg6 Bxf3 40. Bxe8 d1Q+ 0-1

[Event "POL-chT U19 2nd League"]
[Site "Borowice"]
[Date "2012.07.25"]
[Round "6"]
[White "Nawrocki, Marek"]
[Black "Marko, Piotr"]
[Result "0-1"]
[WhiteElo "1486"]
[BlackElo "1526"]
[PlyCount "30"]
[EventDate "2012.07.21"]
[EventType "team-swiss"]
[EventRounds "11"]
[EventCountry "POL"]
[SourceTitle "EXT 2014"]
[Source "ChessBase"]
[SourceDate "2013.11.20"]
[SourceVersion "1"]
[SourceVersionDate "2013.11.20"]
[SourceQuality "1"]
[WhiteTeam "Gniezno LKS Chrobry U19"]
[BlackTeam "Wroclaw MUKS MDK Fabryczna U19"]
[WhiteTeamCountry "POL"]
[BlackTeamCountry "POL"]

1. e4 e5 2. d4 exd4 3. Qxd4 Nc6 4. Qe3 Nf6 5. Nc3 Bb4 6. Bd2 0-0 7. 0-0-0 Re8 8. Qg3 d6 9. f3 Be6 10. Nge2 Nh5 11. Qe1 Ne5 12. Nf4 Nxf4 13. Bxf4 Qf6 14. Nd5 Bxd5 15. Bxe5 Qh6+ 0-1

[Event "Gniezno-ch final"]
[Site "Gniezno"]
[Date "2012.05.19"]
[Round "5"]
[White "Nawrocki, Marek"]
[Black "Nowak, Rafal"]
[Result "0-1"]
[WhiteElo "1455"]
[BlackElo "2046"]
[PlyCount "50"]
[EventDate "2012.05.12"]
[EventType "tourn"]
[EventRounds "9"]
[EventCountry "POL"]
[SourceTitle "EXT 2020"]
[Source "ChessBase"]
[SourceDate "2019.10.17"]
[SourceVersion "1"]
[SourceVersionDate "2019.10.17"]
[SourceQuality "1"]

1. e4 c5 2. Nc3 e6 3. f4 a6 4. Nf3 Nc6 5. Be2 d5 6. d3 Nf6 7. 0-0 Be7 8. Qe1 0-0 9. Qg3 b5 10. f5 b4 11. Nb1 dxe4 12. Bh6 Nh5 13. Qg4 exf3 14. Rxf3 Qd4+ 15. Rf2 Qxg4 16. Bxg4 gxh6 17. Bxh5 exf5 18. Bf3 Bd7 19. Nd2 Bf6 20. Bxc6 Bxc6 21. Rxf5 Bxb2 22. Rb1 Bd4+ 23. Kf1 Bd7 24. Rh5 Be6 25. Rxh6 Be3 0-1

[Event "Gniezno-ch final"]
[Site "Gniezno"]
[Date "2012.05.12"]
[Round "2"]
[White "Wisniewski, Emil"]
[Black "Nawrocki, Marek"]
[Result "0-1"]
[WhiteElo "1909"]
[BlackElo "1455"]
[PlyCount "128"]
[EventDate "2012.05.12"]
[EventType "tourn"]
[EventRounds "9"]
[EventCountry "POL"]
[SourceTitle "EXT 2020"]
[Source "ChessBase"]
[SourceDate "2019.10.17"]
[SourceVersion "1"]
[SourceVersionDate "2019.10.17"]
[SourceQuality "1"]

1. e4 e6 2. d4 d5 3. Nc3 Nf6 4. e5 Nfd7 5. f4 c5 6. Nf3 Qb6 7. Ne2 Nc6 8. c3 cxd4 9. cxd4 Bb4+ 10. Bd2 Bxd2+ 11. Qxd2 Qb4 12. Nc3 Nb6 13. Nb5 0-0 14. Nd6 Na4 15. Rb1 f6 16. Bb5 Nb6 17. Rc1 fxe5 18. fxe5 Qxd2+ 19. Kxd2 Ne7 20. Rc7 Nf5 21. Nxb7 a6 22. Be2 Ra7 23. g4 Nh6 24. Ng5 Rxb7 25. Rxb7 Bxb7 26. Nxe6 Re8 27. Nc5 Bc8 28. h3 a5 29. Bb5 Re7 30. Rc1 Be6 31. b3 Nf7 32. Nd3 Nd8 33. Nf4 Bf7 34. Bf1 g5 35. Nd3 Be8 36. Bg2 Ne6 37. Ke3 Rc7 38. Nc5 Bf7 39. Bf3 Nd7 40. Bxd5 Nexc5 41. Bxf7+ Kxf7 42. dxc5 Rxc5 43. Rxc5 Nxc5 44. Kd4 Na6 45. Kd5 Nb4+ 46. Kd6 Ke8 47. a3 Nc2 48. b4 axb4 49. axb4 Nxb4 50. Ke6 Nd3 51. Kf6 h6 52. Kg7 Nf4 53. Kxh6 Nxh3 54. Kg6 Ke7 55. Kf5 Kf7 56. e6+ Ke7 57. Ke5 Nf4 58. Kf5 Nxe6 59. Ke5 Kd7 60. Kd5 Nf4+ 61. Ke5 Kc6 62. Kf5 Nh3 63. Ke4 Kd6 64. Kd4 Nf2 0-1